000 00353 a2200109 4500
001 ART_52692
005 20260410161759.0
008 260409a
245 1 0 _aNovedades con relación al impuesto a los créditos y débitos bancarios
100 1 _aCoronello, Silvina E.
773 0 _tDoctrina tributaria
_g- N°496 (jul. 2021)
_wREV4296
999 _c20371
_d20371